000 00478nam a2200169Ia 4500
008 260520s2025 xx 000 0 und d
020 _a978-93-92803-71-0
041 _amar
082 _a621.38/GOD
100 _aगोडबोले, अच्युत
245 _aसंवाद
250 _a2nd ed
260 _aपुणे
_bबुकगंगा पब्लिकेशन्स
_c2025
300 _a619p.
500 _aCat No: 15007
650 _aENGINEERING
999 _c1221813
_d1221813